[Event "OL SüD WEST 1718 SK Gau-Algesheim - SVG"]
[Site "?"]
[Date "2017.09.10"]
[Round "1.1"]
[White "Mohammad, Samir"]
[Black "Ovsejevitsch, Sergei"]
[Result "0-1"]
[WhiteElo "2352"]
[BlackElo "2596"]
[PlyCount "94"]
[EventDate "2017.??.??"]

1. e4 c5 2. Nf3 d6 3. d4 cxd4 4. Nxd4 Nf6 5. Nc3 Nc6 6. Bc4 Qb6 7. Nb3 e6 8.
O-O Be7 9. Be3 Qc7 10. f4 O-O 11. Be2 a6 12. a4 b6 13. Bf3 Rb8 14. Qe1 Re8 15.
Qf2 Na5 16. Nd2 Nd7 17. g4 Bf6 18. Bd4 Bxd4 19. Qxd4 Qc5 20. Qf2 Kf8 21. Kg2
Qxf2+ 22. Kxf2 Ke7 23. Rae1 Bb7 24. Re3 Rbc8 25. Be2 h6 26. h4 g5 27. fxg5 hxg5
28. h5 Ne5 29. Ke1 Nac6 30. Nc4 Nd4 31. Nxe5 dxe5 32. Bd3 b5 33. axb5 axb5 34.
Kd2 Red8 35. Ra1 b4 36. Ne2 Rxc2+ 37. Bxc2 Nb3+ 38. Ke1 Nxa1 39. Bb1 b3 40. Rd3
Nc2+ 41. Kd2 Rxd3+ 42. Kxd3 Ba6+ 43. Kd2 Bxe2 44. Kxe2 f5 45. exf5 exf5 46.
gxf5 g4 47. h6 Kf6 0-1

[Event "OL SüD WEST 1718 SK Gau-Algesheim - SVG"]
[Site "?"]
[Date "2017.09.10"]
[Round "1.2"]
[White "Kling, Felix"]
[Black "Philippe, Christophe"]
[Result "0-1"]
[WhiteElo "2243"]
[BlackElo "2380"]
[PlyCount "120"]
[EventDate "2017.??.??"]

1. d4 Nf6 2. Nf3 c5 3. d5 e6 4. Nc3 d6 5. e4 exd5 6. Nxd5 Nxd5 7. Qxd5 Nc6 8.
Bc4 Be6 9. Qd3 Be7 10. c3 Qd7 11. Bf4 Bxc4 12. Qxc4 Qe6 13. Qxe6 fxe6 14. O-O-O
O-O-O 15. Bg5 h6 16. Bxe7 Nxe7 17. Nd2 Rhf8 18. f3 Ng6 19. Nc4 d5 20. exd5 exd5
21. Ne3 d4 22. cxd4 cxd4 23. Ng4 Rfe8 24. g3 h5 25. Nf2 Ne5 26. f4 Nf3 27. Rd3
Re3 28. h3 Rde8 29. Rhd1 R8e6 30. h4 Rg6 31. Ne4 Rc6+ 32. Kb1 Rxe4 33. Rxf3 Kd7
34. Rfd3 Rd6 35. Kc2 Ke6 36. f5+ Kxf5 37. Rf1+ Ke6 38. Rf8 Rd7 39. Rdf3 Re2+
40. Kd3 Rxb2 41. R8f4 Rxa2 42. Re4+ Kd6 43. Rxd4+ Kc6 44. Rxd7 Kxd7 45. Rf7+
Kc6 46. Rxg7 a5 47. Kc3 Ra3+ 48. Kb2 Rf3 49. g4 hxg4 50. Rxg4 Rh3 51. Rg5 a4
52. h5 b5 53. Rf5 Kb6 54. Rf6+ Ka5 55. h6 Rh5 56. Rg6 b4 57. Rf6 Rh2+ 58. Kb1
a3 59. h7 Rxh7 60. Ka2 Rh2+ 0-1

[Event "OL SüD WEST 1718 SK Gau-Algesheim - SVG"]
[Site "?"]
[Date "2017.09.10"]
[Round "1.3"]
[White "Bastian, Herbert"]
[Black "Michels, Achim"]
[Result "1-0"]
[WhiteElo "2294"]
[BlackElo "2160"]
[PlyCount "93"]
[EventDate "2017.??.??"]

1. e4 c5 2. Nc3 g6 3. d4 cxd4 4. Qxd4 Nf6 5. e5 Nc6 6. Qf4 Nh5 7. Qe4 d6 8. Nf3
Bg7 9. Bb5 Bd7 10. exd6 O-O 11. dxe7 Nxe7 12. O-O Bf5 13. Qe2 a6 14. Bg5 Nf6
15. Rad1 Qc7 16. Bc4 Rac8 17. Bb3 Rfe8 18. Qe5 Ne4 19. Qxc7 Rxc7 20. Nxe4 Bxe4
21. Bf4 Rc5 22. Ng5 Rf5 23. Nxe4 Rxf4 24. Rfe1 Rf8 25. g3 Rf3 26. Kg2 Rxb3 27.
axb3 Bxb2 28. Nc5 Rc8 29. Nxb7 Rc7 30. Nd6 Rxc2 31. Nc4 Nf5 32. Nxb2 Rxb2 33.
Rd3 Ra2 34. Re4 Rc2 35. Rc4 Re2 36. Rc6 Ra2 37. Rc7 h5 38. Ra7 Kg7 39. h3 Ra3
40. Rdd7 Nh6 41. Rdb7 Ra2 42. Kf3 a5 43. g4 hxg4+ 44. hxg4 g5 45. Rb5 Rd2 46.
Rxg5+ Kf6 47. Rgxa5 1-0

[Event "OL SüD WEST 1718 SK Gau-Algesheim - SVG"]
[Site "?"]
[Date "2017.09.10"]
[Round "1.4"]
[White "Karsay, Pascal"]
[Black "Paci, Cedric"]
[Result "1/2-1/2"]
[WhiteElo "2131"]
[BlackElo "2289"]
[PlyCount "57"]
[EventDate "2017.??.??"]

1. e4 e6 2. d4 d5 3. Nc3 Nf6 4. e5 Nfd7 5. f4 c5 6. Nf3 Nc6 7. Be3 a6 8. Qd2 b5
9. a3 Qb6 10. dxc5 Bxc5 11. Bxc5 Nxc5 12. Bd3 Bd7 13. Qf2 b4 14. axb4 Nxb4 15.
O-O Rb8 16. Rad1 Na4 17. Nxa4 Bxa4 18. Rd2 Qxf2+ 19. Kxf2 Bb5 20. Nd4 Nxd3+ 21.
cxd3 g6 22. Ke3 Kd7 23. Rc1 Rhc8 24. Rdd1 h5 25. g3 Bc6 26. Nxc6 Rxc6 27. Rxc6
Kxc6 28. Rc1+ Kd7 29. Rc2 1/2-1/2

[Event "OL SüD WEST 1718 SK Gau-Algesheim - SVG"]
[Site "?"]
[Date "2017.09.10"]
[Round "1.5"]
[White "Le Corre, Benjamin"]
[Black "Brueckner, Eike"]
[Result "1-0"]
[WhiteElo "2272"]
[BlackElo "2099"]
[PlyCount "29"]
[EventDate "2017.??.??"]

1. e4 c5 2. Nf3 d6 3. d4 cxd4 4. Nxd4 Nf6 5. Nc3 a6 6. Qf3 Qc7 7. h3 g6 8. g4
h6 9. Be3 Bg7 10. Rg1 Nbd7 11. O-O-O Ne5 12. Qe2 b5 13. f4 Nc6 14. Nxc6 Qxc6
15. e5 1-0

[Event "OL SüD WEST 1718 SK Gau-Algesheim - SVG"]
[Site "?"]
[Date "2017.09.10"]
[Round "1.6"]
[White "Frede, Lennart"]
[Black "Spielmann, Alain"]
[Result "0-1"]
[WhiteElo "2143"]
[BlackElo "2212"]
[PlyCount "51"]
[EventDate "2017.??.??"]

1. e4 c6 2. Nc3 d5 3. d3 dxe4 4. Nxe4 Nf6 5. Nxf6+ gxf6 6. Ne2 Bf5 7. Ng3 Bg6
8. h4 h5 9. Be2 Nd7 10. Bd2 Qc7 11. Bc3 O-O-O 12. Bxh5 Bxh5 13. Nxh5 Bh6 14.
Qf3 Kb8 15. Kf1 Ka8 16. Re1 Rde8 17. Qg3 Qd8 18. Re4 Nc5 19. Rd4 Qc8 20. Qg4
Ne6 21. Rc4 Qb8 22. Rh3 Reg8 23. Qf3 Nc7 24. Rg4 Rf8 25. Ng3 Nd5 26. Nf5 0-1

[Event "OL SüD WEST 1718 SK Gau-Algesheim - SVG"]
[Site "?"]
[Date "2017.09.10"]
[Round "1.7"]
[White "Busche, Stefan"]
[Black "Bauer, Bjoern-Benny"]
[Result "0-1"]
[WhiteElo "2046"]
[BlackElo "2206"]
[PlyCount "100"]
[EventDate "2017.??.??"]

1. e4 c5 2. Nf3 d6 3. d4 cxd4 4. Nxd4 Nf6 5. Nc3 g6 6. Be3 Bg7 7. f3 Nc6 8. Qd2
O-O 9. Bc4 Bd7 10. h4 Ne5 11. Bb3 h5 12. O-O-O Rc8 13. Bg5 Rc5 14. Kb1 b5 15.
g4 Nc4 16. Bxc4 bxc4 17. gxh5 Nxh5 18. Nd5 Re8 19. Ne2 Bc6 20. Nec3 Bxd5 21.
Nxd5 c3 22. Qe3 Qb8 23. b3 Qb7 24. Rd3 a5 25. Rc1 a4 26. Rxc3 Bxc3 27. Nxc3 Ra8
28. Nd5 f6 29. Rg1 Kf7 30. Bf4 Rca5 31. Rg2 Qa6 32. Qd2 Qf1+ 33. Kb2 a3+ 34.
Kc3 Rc5+ 35. Kd4 e5+ 36. Bxe5 fxe5+ 37. Ke3 Qa1 38. c3 Nf4 39. Nxf4 exf4+ 40.
Kxf4 Qxc3 41. Qxd6 Qf6+ 42. Qxf6+ Kxf6 43. Rd2 Ra6 44. Kg4 Rac6 45. f4 Rc2 46.
Rd5 Rg2+ 47. Kf3 Rxa2 48. e5+ Kf5 49. Rd3 Rac2 50. b4 R6c3 0-1

[Event "OL SüD WEST 1718 SK Gau-Algesheim - SVG"]
[Site "?"]
[Date "2017.09.10"]
[Round "1.8"]
[White "Weyerhaeuser, Joerg"]
[Black "Cahen, Alexis"]
[Result "0-1"]
[WhiteElo "2076"]
[BlackElo "1970"]
[PlyCount "112"]
[EventDate "2017.??.??"]

1. d4 Nf6 2. Nf3 g6 3. Nc3 d5 4. Bg5 Bg7 5. e3 O-O 6. Bd3 c6 7. O-O Bg4 8. Re1
Nbd7 9. e4 dxe4 10. Nxe4 Nxe4 11. Rxe4 Nf6 12. Bxf6 Bxf3 13. Qxf3 exf6 14. c3
f5 15. Re3 Qd7 16. Rae1 Rfe8 17. Bc4 Rad8 18. Qe2 Kf8 19. Kf1 Bh6 20. Rxe8+
Rxe8 21. Qxe8+ Qxe8 22. Rxe8+ Kxe8 23. Ke2 Ke7 24. b4 Bf4 25. h3 h6 26. Kd3 Bc7
27. a4 g5 28. d5 f6 29. dxc6 bxc6 30. Ba6 Bb6 31. f3 Kd6 32. Kc4 g4 33. hxg4
fxg4 34. fxg4 Bf2 35. Bc8 c5 36. b5 Kc7 37. Bf5 Kb6 38. Kd5 Be3 39. c4 Bd4 40.
Ke6 Ka5 41. Kd6 Kb6 42. a5+ Kxa5 43. Kc6 a6 44. b6 Kb4 45. b7 Be5 46. Kd5 a5
47. Bd7 a4 48. Bxa4 Kxa4 49. Kxc5 Ka5 50. Kd5 Kb6 51. Ke6 Kxb7 52. Kf5 Kc6 53.
Kg6 Kc5 54. g3 Bc3 55. Kxh6 Bd2+ 56. Kg6 Bg5 0-1

[Event "OL SüD WEST 1718 Gambit Saarbrück - SG"]
[Site "?"]
[Date "2017.09.10"]
[Round "1.1"]
[White "Mayer, Frank"]
[Black "Pucher, Sebastien"]
[Result "1/2-1/2"]
[WhiteElo "2310"]
[BlackElo "2360"]
[PlyCount "120"]
[EventDate "2017.??.??"]

1. c4 Nf6 2. g3 c5 3. Bg2 g6 4. Nc3 Bg7 5. Nf3 O-O 6. d4 d6 7. dxc5 dxc5 8.
Qxd8 Rxd8 9. Be3 Na6 10. h3 Be6 11. Ng5 Bxc4 12. Bxb7 Rab8 13. Bf3 h6 14. Nge4
Nxe4 15. Nxe4 Bxb2 16. O-O Bxa1 17. Rxa1 Rb2 18. Nxc5 Nxc5 19. Bxc5 Rxa2 20.
Rxa2 Bxa2 21. Bxa7 f5 22. e4 Kf7 23. Be3 Kg7 24. exf5 gxf5 25. g4 e6 26. Kh2
Kg6 27. Kg3 Bd5 28. Be2 Ra8 29. Kh4 Ra4 30. Bb5 Rb4 31. Be8+ Kg7 32. Kg3 Rb8
33. Bd7 Kg6 34. Kh4 Rd8 35. Bb5 Rb8 36. Bd7 Rd8 37. Bb5 Rh8 38. Bd7 Ra8 39. Bb5
Rc8 40. Bd7 Ra8 41. Bb5 Rd8 42. Be2 Rb8 43. Kg3 Rb4 44. Bd1 h5 45. gxh5+ Kf6
46. f4 e5 47. h6 e4 48. Bh5 Bg8 49. Bc5 Rb3+ 50. Kg2 Bh7 51. Bd4+ Ke6 52. Bg7
Ra3 53. h4 Ke7 54. Be2 Ra2 55. Kf2 Kd6 56. Ke3 Ra3+ 57. Kd4 Ra4+ 58. Kc3 Ra3+
59. Kd4 Ra4+ 60. Kc3 Ra3+ 1/2-1/2

[Event "OL SüD WEST 1718 Gambit Saarbrück - SG"]
[Site "?"]
[Date "2017.09.10"]
[Round "1.2"]
[White "Wagner, Harald"]
[Black "Klein, Joachim"]
[Result "0-1"]
[WhiteElo "2211"]
[BlackElo "2170"]
[PlyCount "86"]
[EventDate "2017.??.??"]

1. e4 g6 2. d4 Bg7 3. Nc3 c6 4. f4 d5 5. e5 Nh6 6. Be3 Qb6 7. Na4 Qa5+ 8. c3 f6
9. Nf3 Bg4 10. Be2 Nd7 11. b4 Qc7 12. Nh4 Bxe2 13. Qxe2 fxe5 14. dxe5 O-O 15.
O-O e6 16. Nc5 Nxc5 17. Bxc5 Rf7 18. Qe3 b6 19. Bd6 Qd7 20. a4 Bf8 21. Bxf8
Raxf8 22. a5 Qe7 23. g3 c5 24. axb6 axb6 25. bxc5 bxc5 26. Rfb1 g5 27. Ng2 d4
28. cxd4 Nf5 29. Qe4 Nxd4 30. Ra8 Ne2+ 31. Qxe2 Rxa8 32. Qc4 Rd8 33. fxg5 Rd4
34. Rb8+ Kg7 35. Qc1 Qc7 36. Rb5 Qxe5 37. Nf4 Rdxf4 38. gxf4 Qd4+ 39. Kg2 Qe4+
40. Kg1 Rxf4 41. Qxc5 Qe1+ 42. Kg2 Qf1+ 43. Kg3 Qf3# 0-1

[Event "OL SüD WEST 1718 Gambit Saarbrück - SG"]
[Site "?"]
[Date "2017.09.10"]
[Round "1.3"]
[White "Giese, Tilman"]
[Black "Muller, Etienne"]
[Result "0-1"]
[WhiteElo "2040"]
[BlackElo "2139"]
[PlyCount "56"]
[EventDate "2017.??.??"]

1. Nf3 Nf6 2. g3 Nc6 3. d4 d5 4. Bg2 Bg4 5. O-O e6 6. c4 Be7 7. Nc3 O-O 8. c5
Ne4 9. Be3 f5 10. Bf4 Bf6 11. Nb5 Rc8 12. h4 a6 13. Na3 h6 14. Nc2 g5 15. hxg5
hxg5 16. Be3 Qe7 17. b4 Qh7 18. Qc1 Qh5 19. Re1 Rf7 20. Nh2 Bxe2 21. f3 Nxg3
22. Bf2 Rh7 23. Bxg3 Nxd4 24. Qd2 Nxc2 25. Qxe2 Bd4+ 26. Kh1 Ne3 27. Rad1 f4
28. Rxd4 fxg3 0-1

[Event "OL SüD WEST 1718 Gambit Saarbrück - SG"]
[Site "?"]
[Date "2017.09.10"]
[Round "1.4"]
[White "Erhardt, Michael"]
[Black "Biehler, Thomas"]
[Result "1/2-1/2"]
[WhiteElo "2093"]
[BlackElo "2213"]
[PlyCount "29"]
[EventDate "2017.??.??"]

1. e4 c5 2. Nf3 d6 3. c3 Nf6 4. Be2 g6 5. O-O Bg7 6. Re1 O-O 7. Bf1 Nc6 8. h3
e5 9. d4 cxd4 10. cxd4 exd4 11. Nxd4 Re8 12. Nxc6 bxc6 13. Nc3 Be6 14. Be3 d5
15. exd5 1/2-1/2

[Event "OL SüD WEST 1718 Gambit Saarbrück - SG"]
[Site "?"]
[Date "2017.09.10"]
[Round "1.5"]
[White "Schmidt, Johannes"]
[Black "Gross, Georg"]
[Result "0-1"]
[WhiteElo "2164"]
[BlackElo "2237"]
[PlyCount "22"]
[EventDate "2017.??.??"]

1. e4 Nc6 2. Nc3 d6 3. d4 Nf6 4. f4 Bg4 5. Qd3 e5 6. d5 Nd4 7. f5 Nd7 8. Be3
Be7 9. h3 Bh4+ 10. Bf2 Nc5 11. Qd2 Bg5 0-1

[Event "OL SüD WEST 1718 Gambit Saarbrück - SG"]
[Site "?"]
[Date "2017.09.10"]
[Round "1.6"]
[White "Forthoffer, Patrick"]
[Black "Kessler, Alexander"]
[Result "1/2-1/2"]
[WhiteElo "2188"]
[BlackElo "1815"]
[PlyCount "55"]
[EventDate "2017.??.??"]

1. d4 Nf6 2. c4 e6 3. Nf3 d5 4. g3 b6 5. Bg2 Bb7 6. Nc3 dxc4 7. Qa4+ Nbd7 8.
Qxc4 Bd6 9. O-O a6 10. a4 O-O 11. Rd1 Ne4 12. Qd3 Ndf6 13. Ng5 Nxc3 14. bxc3
Bxg2 15. Kxg2 h6 16. Nf3 Nd7 17. e4 e5 18. Be3 Qe7 19. Nh4 Rfd8 20. Nf5 Qe6 21.
f3 Be7 22. h4 a5 23. d5 Qf6 24. Rf1 Nc5 25. Qc4 Bf8 26. Rad1 Rac8 27. Bxc5 Bxc5
28. Qd3 1/2-1/2

[Event "OL SüD WEST 1718 Gambit Saarbrück - SG"]
[Site "?"]
[Date "2017.09.10"]
[Round "1.7"]
[White "Siebert, Viktor"]
[Black "Haenssel, Christian"]
[Result "1-0"]
[WhiteElo "2074"]
[BlackElo "2090"]
[PlyCount "69"]
[EventDate "2017.??.??"]

1. e4 c5 2. d4 cxd4 3. Nf3 d6 4. Nxd4 Nf6 5. Nc3 a6 6. a4 e6 7. Be2 Qc7 8. O-O
Be7 9. Be3 Bd7 10. a5 Bc6 11. Nxc6 Nxc6 12. Bb6 Qc8 13. f4 O-O 14. Bf3 Nd7 15.
Na4 Rb8 16. c3 Nxb6 17. Nxb6 Qc7 18. b4 Rfd8 19. Qb3 Na7 20. f5 Bf6 21. fxe6
Qxc3 22. exf7+ Kf8 23. Qe6 Bd4+ 24. Kh1 Bxb6 25. axb6 Nc6 26. Qh3 h6 27. Rac1
Qxb4 28. Qf5 Qxb6 29. Qh7 Qd4 30. e5 dxe5 31. Bxc6 bxc6 32. Qg8+ Ke7 33. Qxg7
Rf8 34. Qf6+ Kd7 35. Rfd1 1-0

[Event "OL SüD WEST 1718 Heimbach Weiß N - SK A"]
[Site "?"]
[Date "2017.09.10"]
[Round "1.1"]
[White "Bruehl, Andreas"]
[Black "Winterberg, Lukas"]
[Result "1/2-1/2"]
[WhiteElo "2359"]
[BlackElo "2375"]
[PlyCount "112"]
[EventDate "2017.??.??"]

1. d4 Nf6 2. c4 e6 3. g3 d5 4. Bg2 Bb4+ 5. Bd2 Be7 6. Nf3 O-O 7. O-O c6 8. Qc2
b6 9. Bf4 Nbd7 10. Nbd2 Nh5 11. Be3 Bb7 12. Nb3 a5 13. Rad1 a4 14. Nc1 b5 15.
c5 g5 16. g4 Ng7 17. Ne5 f6 18. Nxd7 Qxd7 19. f4 f5 20. Nd3 fxg4 21. Ne5 Qe8
22. fxg5 Qh5 23. Qd2 Rf5 24. Rxf5 Nxf5 25. Bf4 Nh4 26. Rf1 Rf8 27. Bh1 Ng6 28.
Nxg6 Qxg6 29. Bg2 Bc8 30. Kh1 e5 31. Bxe5 Rxf1+ 32. Bxf1 Bxg5 33. Qd3 Qxd3 34.
exd3 Kf7 35. Kg2 Kg6 36. Kg3 h5 37. Kf2 h4 38. Bg2 Bf5 39. Ke2 Be7 40. Ke3 Bd8
41. Bf1 Bd7 42. Kf2 Bg5 43. Bg2 Kf5 44. h3 Bc1 45. b3 a3 46. Bc7 Kg6 47. hxg4
Bxg4 48. Bf3 Kf5 49. Bd8 h3 50. Bc7 Bf4 51. Bd6 Bxf3 52. Kxf3 Bxd6 53. cxd6 Ke6
54. b4 Kxd6 55. Kg3 Ke6 56. Kxh3 Kf5 1/2-1/2

[Event "OL SüD WEST 1718 Heimbach Weiß N - SK A"]
[Site "?"]
[Date "2017.09.10"]
[Round "1.2"]
[White "Boidman, Yuri"]
[Black "Weimann, Maximilian"]
[Result "1-0"]
[WhiteElo "2319"]
[BlackElo "2232"]
[PlyCount "83"]
[EventDate "2017.??.??"]

1. e4 c5 2. Nf3 e6 3. Nc3 a6 4. g3 b5 5. Bg2 Bb7 6. d3 Be7 7. O-O d6 8. d4 cxd4
9. Nxd4 Nd7 10. a4 bxa4 11. Nxa4 Qc7 12. Qh5 g6 13. Qe2 Ngf6 14. Bh6 Rc8 15.
Nc3 Ne5 16. h3 Nc4 17. b3 Nb6 18. Na4 e5 19. Bg7 Rg8 20. Bxf6 Bxf6 21. Nxb6
Qxb6 22. Nf3 Qc6 23. Ne1 Kf8 24. c4 Kg7 25. Nc2 Bd8 26. Ne3 Qc5 27. b4 Qb6 28.
h4 Rf8 29. Rfb1 Ba8 30. c5 dxc5 31. Rxa6 Qb7 32. b5 Rb8 33. Nc4 Qxa6 34. bxa6
Rxb1+ 35. Kh2 Bc7 36. h5 Rd8 37. Qe3 gxh5 38. Qg5+ Kf8 39. Nxe5 Rd6 40. Qxh5
Rg6 41. Nxg6+ hxg6 42. Qxc5+ 1-0

[Event "OL SüD WEST 1718 Heimbach Weiß N - SK A"]
[Site "?"]
[Date "2017.09.10"]
[Round "1.3"]
[White "Wagener, Claude"]
[Black "Schulz, Klaus-Juergen"]
[Result "1-0"]
[WhiteElo "2238"]
[BlackElo "2343"]
[PlyCount "79"]
[EventDate "2017.??.??"]

1. e4 e6 2. d4 d5 3. Nd2 c5 4. Ngf3 cxd4 5. exd5 Qxd5 6. Bc4 Qd6 7. O-O Nf6 8.
Nb3 Nc6 9. Nbxd4 Nxd4 10. Nxd4 a6 11. Bb3 Qc7 12. Qf3 Bd6 13. h3 Be5 14. c3 h6
15. Be3 O-O 16. Rad1 Bd7 17. Rfe1 Rad8 18. Rd2 Bc8 19. Rde2 Bh2+ 20. Kh1 b6 21.
Bxh6 Bb7 22. Qe3 gxh6 23. Bxe6 Bf4 24. Qd3 fxe6 25. Qg6+ Qg7 26. Qxg7+ Kxg7 27.
Nxe6+ Kg8 28. Nxf4 Rfe8 29. Ne6 Rd6 30. Nd4 Rxe2 31. Rxe2 Nd5 32. f3 Kf7 33.
Kh2 Nf4 34. Rf2 Nd3 35. Rd2 Ne5 36. Re2 Kf6 37. f4 Nc6 38. Nc2 Ne7 39. g4 Nd5
40. Kg3 1-0

[Event "OL SüD WEST 1718 Heimbach Weiß N - SK A"]
[Site "?"]
[Date "2017.09.10"]
[Round "1.4"]
[White "Philipowski, Robert"]
[Black "Heidorn, Oliver"]
[Result "1-0"]
[WhiteElo "2295"]
[BlackElo "2118"]
[PlyCount "65"]
[EventDate "2017.??.??"]

1. e4 c5 2. Nf3 e6 3. Nc3 Nc6 4. Bb5 Nge7 5. O-O a6 6. Bxc6 Nxc6 7. d4 cxd4 8.
Nxd4 Qf6 9. Be3 Bb4 10. Na4 b5 11. Nb6 Rb8 12. Nxc8 Rxc8 13. a4 Nxd4 14. Bxd4
Qg6 15. Qd3 Be7 16. axb5 axb5 17. Ra7 O-O 18. Rxd7 Rfe8 19. Qxb5 Qxe4 20. c3
Bf8 21. f3 Qc2 22. Rf2 Qb1+ 23. Qf1 Qf5 24. Be3 Ra8 25. Qd3 Qe5 26. Rf1 Reb8
27. b4 Ra3 28. Bd4 Qg5 29. f4 Qh5 30. f5 Rba8 31. fxe6 fxe6 32. Qg3 Qh6 33.
Rxf8+ 1-0

[Event "OL SüD WEST 1718 Heimbach Weiß N - SK A"]
[Site "?"]
[Date "2017.09.10"]
[Round "1.5"]
[White "Telke, Holger"]
[Black "Ronge, Tim Hendrik"]
[Result "1-0"]
[WhiteElo "2092"]
[BlackElo "2125"]
[PlyCount "91"]
[EventDate "2017.??.??"]

1. c4 e5 2. Nc3 Nf6 3. g3 Bb4 4. Nd5 Nxd5 5. cxd5 O-O 6. a3 Bc5 7. d3 d6 8. Bd2
f5 9. b4 Bb6 10. a4 a6 11. a5 Ba7 12. Rc1 c6 13. Qb3 Kh8 14. Nf3 e4 15. dxe4
fxe4 16. Ng5 Bxf2+ 17. Kd1 Qe7 18. Bf4 h6 19. h4 hxg5 20. hxg5+ Kg8 21. e3 Bg4+
22. Be2 Bxe2+ 23. Kxe2 c5 24. Kxf2 Nd7 25. g6 Ne5 26. bxc5 Qg5 27. Kg2 Qg4 28.
Rcf1 Nxg6 29. cxd6 Qd7 30. Rb1 Rac8 31. Rbc1 Rxc1 32. Rxc1 Nh4+ 33. Kh2 Qg4 34.
Qd1 Nf3+ 35. Kg2 g5 36. d7 gxf4 37. exf4 Qh5 38. Rc8 Qh2+ 39. Kf1 Qg1+ 40. Ke2
Qg2+ 41. Ke3 Qb2 42. Rxf8+ Kxf8 43. d8=Q+ Kg7 44. Qe7+ Kg8 45. Kxe4 Nd2+ 46.
Kf5 1-0

[Event "OL SüD WEST 1718 Heimbach Weiß N - SK A"]
[Site "?"]
[Date "2017.09.10"]
[Round "1.6"]
[White "Roos, Thomas"]
[Black "Kaster, Martin"]
[Result "1/2-1/2"]
[WhiteElo "2197"]
[BlackElo "2091"]
[PlyCount "34"]
[EventDate "2017.??.??"]

1. d4 Nf6 2. c4 e6 3. g3 d5 4. Bg2 Be7 5. Nf3 O-O 6. O-O c6 7. Nc3 Nbd7 8. Ne5
Ne8 9. Qd3 f5 10. b3 Nd6 11. Nxd7 Bxd7 12. f3 Be8 13. c5 Nf7 14. f4 b6 15. b4
Nh6 16. Bd2 Ng4 17. Rfb1 Bh5 1/2-1/2

[Event "OL SüD WEST 1718 Heimbach Weiß N - SK A"]
[Site "?"]
[Date "2017.09.10"]
[Round "1.7"]
[White "Schmidt, Reiner"]
[Black "Schaefer, Jochen"]
[Result "1-0"]
[WhiteElo "2192"]
[BlackElo "2133"]
[PlyCount "83"]
[EventDate "2017.??.??"]

1. e4 e5 2. Nf3 d6 3. d4 Nd7 4. Bc4 Be7 5. Nc3 c6 6. a4 Ngf6 7. a5 O-O 8. O-O
Rb8 9. Re1 b5 10. axb6 axb6 11. Bf1 b5 12. d5 Bb7 13. dxc6 Bxc6 14. Ra6 Qc8 15.
Ra7 Rb7 16. Ra1 Nc5 17. Bg5 Ncxe4 18. Nxe4 Nxe4 19. Bxe7 Rxe7 20. Bd3 Nf6 21.
Nd4 Qb7 22. Nf5 Re6 23. Nxd6 Rxd6 24. Bxh7+ Nxh7 25. Qxd6 f6 26. Qe6+ Rf7 27.
Red1 Bd7 28. Qb3 Ng5 29. Rd6 Ne4 30. Rda6 g6 31. Qb4 Qd5 32. Re1 f5 33. Rxg6+
Rg7 34. Rxg7+ Kxg7 35. Qe7+ Kg6 36. h4 Bc6 37. Re3 f4 38. Rd3 Qc4 39. Qxe5 Qxc2
40. h5+ Kh7 41. Qf5+ Kg7 42. h6+ 1-0

[Event "OL SüD WEST 1718 SV Worms - SG Trier"]
[Site "?"]
[Date "2017.09.10"]
[Round "1.1"]
[White "Barzen, Pascal"]
[Black "Nasshan, Dennis"]
[Result "0-1"]
[WhiteElo "2261"]
[BlackElo "2348"]
[PlyCount "70"]
[EventDate "2017.??.??"]

1. e4 c5 2. Nf3 d6 3. d4 cxd4 4. Nxd4 Nf6 5. Nc3 a6 6. h3 e5 7. Nde2 h5 8. Bg5
Be7 9. Qd3 Nbd7 10. Ng3 g6 11. f3 b5 12. a3 h4 13. Nge2 Bb7 14. Be3 Qc7 15. Rd1
Nb6 16. a4 b4 17. Bxb6 Qxb6 18. Nd5 Nxd5 19. exd5 O-O 20. f4 Bf6 21. f5 Kg7 22.
Qe4 Bc8 23. g4 Bg5 24. Nc1 Bd7 25. Bd3 Bxa4 26. Rf1 Qe3+ 27. Qxe3 Bxe3 28. Nb3
a5 29. Ke2 Bf4 30. Ra1 Bd7 31. Rxa5 gxf5 32. gxf5 Kf6 33. Rxa8 Rxa8 34. Nd2
Bxd2 35. Kxd2 Rg8 0-1

[Event "OL SüD WEST 1718 SV Worms - SG Trier"]
[Site "?"]
[Date "2017.09.10"]
[Round "1.2"]
[White "Heider, Martin"]
[Black "Koch, Hans-Juergen"]
[Result "0-1"]
[WhiteElo "2360"]
[BlackElo "2265"]
[PlyCount "112"]
[EventDate "2017.??.??"]

1. d4 d6 2. Nf3 Bg4 3. Nbd2 Nd7 4. h3 Bh5 5. c3 c6 6. Qb3 Qb6 7. g4 Bg6 8. Nc4
Qxb3 9. axb3 Ngf6 10. Bg2 d5 11. Na5 O-O-O 12. Bf4 Ne8 13. O-O e6 14. Ne5 Nxe5
15. dxe5 Bc5 16. b4 Bb6 17. Nb3 Nc7 18. e3 Bd3 19. Rfe1 Na6 20. Bf1 Bxf1 21.
Kxf1 Nb8 22. Bg5 Rde8 23. Kg2 h5 24. Bf4 hxg4 25. hxg4 Nd7 26. Bg3 a6 27. Rh1
Bc7 28. f4 Nb6 29. Nd2 Nc4 30. Nxc4 dxc4 31. Rxh8 Rxh8 32. Rd1 Rd8 33. Rxd8+
Bxd8 34. e4 Be7 35. Bf2 c5 36. bxc5 Kc7 37. Kf3 Kc6 38. Ke2 Bxc5 39. Bd4 a5 40.
Kd2 b5 41. Kc2 b4 42. Kb1 Kb5 43. Kc2 a4 44. Kb1 b3 45. g5 Bxd4 46. cxd4 c3 47.
d5 c2+ 48. Kc1 Kc4 49. Kd2 exd5 50. g6 dxe4 51. gxf7 e3+ 52. Ke2 c1=Q 53. f8=Q
Qxb2+ 54. Kxe3 Qd4+ 55. Kf3 b2 56. Qc8+ Kb3 0-1

[Event "OL SüD WEST 1718 SV Worms - SG Trier"]
[Site "?"]
[Date "2017.09.10"]
[Round "1.3"]
[White "Dany, Alexander"]
[Black "Ollenberger, Roland"]
[Result "1-0"]
[WhiteElo "2114"]
[BlackElo "2287"]
[PlyCount "97"]
[EventDate "2017.??.??"]

1. d4 Nf6 2. Nf3 d5 3. c4 c6 4. cxd5 cxd5 5. Nc3 Nc6 6. Ne5 e6 7. Nxc6 bxc6 8.
Bf4 Qb6 9. Rb1 Ba6 10. e3 Bxf1 11. Kxf1 Be7 12. Qd3 O-O 13. Ke2 Nd7 14. Rhc1 c5
15. b3 cxd4 16. Na4 Qa5 17. Bc7 Qb4 18. Qxd4 Qb5+ 19. Qd3 Qb7 20. Bg3 Rfc8 21.
Qd2 Bb4 22. Qb2 Qb5+ 23. Kf3 Nf6 24. Rxc8+ Rxc8 25. Rc1 Rxc1 26. Qxc1 h6 27.
Qc8+ Kh7 28. Be5 Ne4 29. Qc2 Qf1 30. Nb2 f6 31. Nd3 Be7 32. Bb8 f5 33. Nf4 Ng5+
34. Kg3 Ne4+ 35. Kf3 g5 36. Nxe6 Qa6 37. Nd4 g4+ 38. Kf4 Bg5+ 39. Ke5 Bf6+ 40.
Kxf5 Qb7 41. Qc7+ Qxc7 42. Bxc7 Bg7 43. Bg3 h5 44. Ke6 Nc3 45. Nc6 Nxa2 46.
Kxd5 a6 47. Kc4 Bf8 48. e4 Kg6 49. Bf4 1-0

[Event "OL SüD WEST 1718 SV Worms - SG Trier"]
[Site "?"]
[Date "2017.09.10"]
[Round "1.4"]
[White "Dausch, Ren->"]
[Black "Carafizi, Vasile"]
[Result "0-1"]
[WhiteElo "2296"]
[BlackElo "2142"]
[PlyCount "72"]
[EventDate "2017.??.??"]

1. g3 g6 2. Bg2 Bg7 3. c4 Nf6 4. Nc3 O-O 5. e4 d6 6. Nge2 e5 7. O-O Re8 8. d3
Nc6 9. h3 Bd7 10. Rb1 Qc8 11. Kh2 a5 12. Be3 a4 13. Nxa4 Nb4 14. Nac3 Nxa2 15.
Nb5 Bxb5 16. cxb5 c5 17. Qb3 Qe6 18. Qxe6 fxe6 19. Bd2 Ra4 20. b3 Ra3 21. Rb2
Rea8 22. Rfb1 Nd7 23. Rc2 Bf6 24. h4 Bd8 25. Bh3 Kf7 26. Rbb2 Nb4 27. Bxb4 cxb4
28. d4 exd4 29. Nxd4 Nc5 30. Rd2 Bf6 31. Rbc2 Ke7 32. Rc4 Bxd4 33. Rdxd4 e5 34.
Rd1 Rxb3 35. f4 Ra2+ 36. Kg1 Rxg3+ 0-1

[Event "OL SüD WEST 1718 SV Worms - SG Trier"]
[Site "?"]
[Date "2017.09.10"]
[Round "1.6"]
[White "Helbig, Daniel"]
[Black "Hein, Ralf"]
[Result "1-0"]
[WhiteElo "2159"]
[BlackElo "1936"]
[PlyCount "93"]
[EventDate "2017.??.??"]

1. e4 Nf6 2. d3 d5 3. Nd2 e6 4. Ngf3 Be7 5. g3 O-O 6. Bg2 c5 7. O-O Nc6 8. Re1
Qc7 9. e5 Nd7 10. Qe2 b5 11. Nf1 b4 12. h4 a5 13. N1h2 a4 14. Bf4 a3 15. b3 Ba6
16. Rac1 Rac8 17. Ng5 Nd4 18. Qh5 h6 19. Nh3 Nf5 20. Bxd5 g6 21. Qd1 exd5 22.
e6 Bd6 23. exd7 Qxd7 24. Ng4 Kg7 25. Qd2 Bxf4 26. Qxf4 Rce8 27. Re5 Rxe5 28.
Nxe5 Qd6 29. Re1 Bc8 30. Nf3 Qxf4 31. Nxf4 Rd8 32. Re5 Bb7 33. g4 Nd6 34. Re7
Ba8 35. Rc7 Nb5 36. Ne6+ Kf6 37. Rxc5 fxe6 38. Rxb5 Rc8 39. Ne1 g5 40. h5 Ke5
41. Rxb4 Bc6 42. Nf3+ Kd6 43. Rb6 Rf8 44. Nd4 Kc5 45. Nxe6+ Kxb6 46. Nxf8 Ka5
47. f4 1-0

[Event "OL SüD WEST 1718 SV Worms - SG Trier"]
[Site "?"]
[Date "2017.09.10"]
[Round "1.7"]
[White "Magar, Johannes"]
[Black "Dauenheimer, Torsten"]
[Result "1/2-1/2"]
[WhiteElo "2094"]
[BlackElo "2216"]
[PlyCount "22"]
[EventDate "2017.??.??"]

1. e4 e6 2. Qe2 c5 3. Nf3 Nc6 4. c3 Nf6 5. g3 d5 6. e5 Nd7 7. d4 b6 8. h4 Qc7
9. Na3 Bb7 10. Bh3 cxd4 11. Nb5 Qb8 1/2-1/2